| 000 | 00742nam a22002537a 4500 | ||
|---|---|---|---|
| 003 | CHAP | ||
| 005 | 20220817042410.0 | ||
| 008 | 971013s1977 r 00010 d | ||
| 010 | _a43480 | ||
| 011 | _a44452 | ||
| 035 | _a48590 | ||
| 040 | _cCHAP | ||
| 082 |
_a664.85 _bF7 |
||
| 245 | _aFrozen and quick frozen food; proceedings of a symposium on agricultural production | ||
| 260 |
_aOxford : _bPergamon, _c1977 |
||
| 300 |
_a148 p. _b: ilus. ; gráfs. |
||
| 590 |
_aBATCH-UPD _b10 _c20130110 _lUCH01 _h1945 |
||
| 590 |
_aCONVERSION _b10 _c20130109 _lUCH01 _h1324 |
||
| 650 | 1 | 4 |
_aAlimentos congelados. _94302 |
| 710 | 0 | _aFAO. | |
| 901 | _aBK | ||
| 942 | _cLIBRO | ||
| 949 |
_a664.85 F7 _bBC _cLIBRO _d33724000131157 _eLIBRO _h40894 _i48590 _si |
||
| 999 |
_c43480 _d43480 |
||